| 000 | 00346nam a2200121 4500 | ||
|---|---|---|---|
| 005 | 20260521105243.0 | ||
| 082 | _a631.5 MIL | ||
| 084 | _2Colon Classification | ||
| 100 |
_aMiller David _914835 |
||
| 245 |
_aPlant cell Biotechnology and Molecular Biology/ _cDavid Miller |
||
| 260 |
_aUSA: _bAmerican Academic Publishers; _c2026. |
||
| 942 |
_2ddc _cBK |
||
| 999 |
_c759696 _d759696 |
||